All Frank Ocean Songs (April 2020) - Statistics

General Stats
  • This quiz has been taken 7 times
  • The average score is 21 of 103
Answer Stats
Year Song % Correct
Pink + White
80%
Pyramids
80%
Nikes
60%
Novacane
60%
Super Rich Kids (feat. Earl Sweatshirt)
60%
White (feat. John Mayer)
60%
White (with Odd Future)
60%
American Wedding (feat. James Fauntleroy)
40%
Bad Religion
40%
Biking (feat. JAY-Z & Tyler, The Creator)
40%
Biking (Solo)
40%
2017 Chanel
40%
Crack Rock
40%
Dear April (Side A - Acoustic)
40%
End
40%
End / Golden Girl (feat. Tyler, The Creator)
40%
Facebook Story
40%
Fertilizer
40%
Forrest Gump
40%
Futura Free
40%
Godspeed
40%
In My Room
40%
Interviews
40%
Ivy
40%
Lost
40%
Monks
40%
2018 Moon River
40%
Nights
40%
Pink Matter (feat. André 3000)
40%
RAF (with A$AP Mob, A$AP Rocky, Playboi Carti, Quavo & Lil Uzi Vert)
40%
Seigfried
40%
Self Control
40%
She (with Tyler, The Creator)
40%
Sierra Leone
40%
Solo
40%
Solo (Reprise)
40%
2012 Start
40%
White Ferrari
40%
911 / Mr. Lonely (with Tyler, The Creator & Steve Lacy)
20%
Be Yourself
20%
2020 Cayendo (Side A - Acoustic)
20%
Close To You
20%
Comme Des Garçons
20%
2019 DHL
20%
Good Guy
20%
Higgs
20%
No Church In The Wild (with JAY-Z, Kanye West & The-Dream)
20%
Pilot Jones
20%
Provider
20%
Purity (with A$AP Rocky)
20%
Rushes
20%
Rushes To
20%
Skyline To
20%
Slide (with Calvin Harris, Migos & Funk Wav)
20%
Songs for Women
20%
Strawberry Swing
20%
Sweet Life
20%
Thinkin Bout You
20%
Alabama
0%
Ambience 001: A Certain Way
0%
Ambience 002: Honey Baby
0%
Analog 2 (with Odd Future, Tyler, The Creator & Syd)
0%
Astro (with MellowHype)
0%
2016 At Your Best (You Are Love)
0%
Bend Ya (with Mann, Kendrick Lamar, Shawn Chrys & Jah-Free)
0%
Bitches Talkin' (Metal Gear Solid)
0%
Caught Their Eyes (with JAY-Z)
0%
Device Control
0%
Device Control (Reprise)
0%
Dust
0%
Florida
0%
Goldeneye
0%
Hublots
0%
Impietas + Deathwish (ASR)
0%
In Here Somewhere
0%
Lens
0%
Lovecrimes
0%
Made In America (with JAY-Z & Kanye West)
0%
Mine
0%
Mitsubishi Sony
0%
Nature Feels
0%
Not Just Money
0%
Oceans (with JAY-Z)
0%
PartyIsntOver/Campfire/Bimmer (with Tyler, The Creator & Laetitia Sadier)
0%
Pretty Sweet
0%
Sideways
0%
2013 Slater (with Tyler, The Creator)
0%
Slide On Me
0%
Snow White (with Odd Future & Hodgy)
0%
Soul Calibur
0%
Streamroller (with Domo Genesis & Hodgy)
0%
2011 Street Fighter
0%
Sunday (with Earl Sweatshirt)
0%
2014 Superpower (with Beyoncé)
0%
Swim God
0%
There Will Be Tears
0%
U-N-I-T-Y
0%
We All Try
0%
Where This Flower Blooms (with Tyler, The Creator)
0%
Wildfire (with John Mayer)
0%
Window (with Tyler, The Creator, Domo Genesis, Hodgy & Mike G)
0%
Wither
0%
Xenons
0%
No matching quizzes found
Score Distribution
Percent of People with Each Score
Percentile by Number Answered
Your Score History
You have not taken this quiz